[Event "XVII Profigaia Open 2017"]
[Site "Gaia"]
[Date "2017.06.17"]
[Round "6"]
[White "Padeiro, Jose"]
[Black "Sousa, Hugo Carneiro"]
[Result "1-0"]
[WhiteElo "2271"]
[BlackElo "1877"]
[Annotator "TA"]
[PlyCount "80"]
[EventDate "2017.??.??"]
[EventType "swiss"]
[EventCountry "POR"]
[SourceTitle "playchess.com"]
[Source "ChessBase"]
[SourceQuality "1"]

{[%evp 18,80,6,-1,0,0,4,2,46,51,46,43,27,15,79,54,172,166,169,164,177,187,205,177,29991,29992,29992,29993,29993,295,295,220,295,295,295,295,295,295,295,295,295,295,295,295,295,296,341,318,527,516,508,500,510,520,1663,1398,1666,1868,1993,1923,1704,2690,6624,6636,1889]} 1. Nf3 Nf6 2. d4 g6 3. c4 Bg7 4. Nc3 O-O 5. Bg5 d6 6. e3 c5 7. Be2 h6 8. Bh4 g5 9. Bg3 Nh5 10. O-O {LiveBook: 7 Games} Nxg3 {E61: King's Indian: Early deviations for White, including Smyslov System} 11. hxg3 Nc6 (11... Nd7 12. Qd2 Nf6 13. Rfd1 Bf5 14. Bd3 Bxd3 15. Qxd3 b6 16. Rac1 Qd7 17. e4 Rfd8 18. Qe2 {0-1 (59) Orzech,D (2461)-Aliavdin,N (2365) Barlinek 2009}) 12. d5 Ne5 {The position is equal.} (12... Bxc3 $5 13. bxc3 Nb8 $14) 13. Nxe5 Bxe5 14. f4 {[%cal Bf2f4,Bf4f5][%mdl 32]} Bxc3 $146 ({Predecessor:} 14... gxf4 15. gxf4 Bg7 16. Bd3 {1-0 (41) Bruedigam,M (2312)-Lagunow,R (1969) Berlin 2013}) 15. bxc3 Bd7 (15... e6 $11) 16. Bd3 $36 {[%mdl 2048] Qh5 is the strong threat. White has some pressure.} g4 (16... e6 $14) 17. f5 $18 h5 18. Rf4 $1 {[%cal Rf4g4]} Kh8 {[#]} 19. Kf2 $1 {Qh1 would kill now.} f6 20. Qh1 Rf7 $2 (20... Be8 $18) 21. Qxh5+ Rh7 {[#]} 22. Qxh7+ $1 Kxh7 23. Rxg4 $2 (23. Rh1+ {mates} Kg8 24. Rxg4+ Kf8 25. Rh8+ Kf7 26. Rh7+ (26. Rxd8 Rxd8 27. Rh4 Rg8 $18) 26... Kf8 27. Rhg7 (27. Rh8+ Kf7 $18) 27... Be8 28. Rg8+ Kf7 29. R4g7#) 23... Qf8 24. Rh1+ Qh6 25. Rgh4 ({Don't take} 25. Rxh6+ $6 Kxh6 26. Rh4+ Kg7 $16) 25... Qxh4 26. gxh4 {[%mdl 4096] Endgame KRB-KRB} Rg8 27. Kf3 b6 28. g4 {[%cal Bg2g4,Bg4g5][%mdl 32]} Kh6 29. Kf4 Be8 30. Bc2 Bd7 31. g5+ Kh7 32. Rg1 Kh8 $2 (32... Rf8 33. g6+ Kg7) 33. h5 {[%cal Bh4h5,Bh5h6][%mdl 32] White is clearly winning.} Kh7 34. h6 Be8 35. Bd1 Kh8 (35... Rh8 $142 36. gxf6 exf6 37. Rg7+ Kxh6 38. Rxa7 Rh7) 36. g6 Bd7 37. Bh5 Be8 38. Rg2 a6 39. a3 (39. Rb2 $142 b5 40. cxb5 Bxb5 41. g7+ Kh7 42. Bf7) 39... b5 40. cxb5 axb5 {Precision: White = 88%, Black = 48%.} 1-0

[Event "XVII Profigaia Open 2017"]
[Site "Gaia"]
[Date "2017.06.17"]
[Round "6"]
[White "Guimaraes, Rui"]
[Black "Jesus, Joao Pedro Mendes D"]
[Result "1-0"]
[WhiteElo "2141"]
[BlackElo "1868"]
[Annotator "TA"]
[PlyCount "53"]
[EventDate "2017.??.??"]
[EventType "swiss"]
[EventCountry "POR"]
[SourceTitle "playchess.com"]
[Source "ChessBase"]
[SourceQuality "1"]

{[%evp 12,52,27,29,77,42,66,71,151,78,183,189,182,175,179,158,177,178,197,198,184,195,187,206,470,483,539,512,497,489,2071,2017,2739,2512,29994,29995,29996,29997,29997,29998,29998,29998,29999]} 1. e4 c5 2. Nc3 Nc6 3. Bb5 e6 4. Bxc6 bxc6 5. d3 Ne7 6. f4 {B23: Closed Sicilian: Lines without g3} d5 7. Nf3 {LiveBook: 4 Games} Qb6 (7... Ng6 8. O-O Bd6 9. e5 Bc7 10. Na4 Qe7 11. c4 O-O 12. Be3 d4 13. Bd2 {½-½ (57) Cornette,M (2586)-Ynojosa Aponte,F (2399) chess.com INT 2017}) 8. Qe2 $146 {White is better.} ({Predecessor:} 8. b3 Ba6 9. Na4 Qc7 10. c4 Rd8 11. Qe2 dxe4 12. Qxe4 Ng6 13. g3 Be7 14. O-O {½-½ (14) Migala,A (2091)-Chojnowski,M (2171) Dadaj 2008}) 8... Ba6 9. O-O g6 (9... c4+ $142 10. d4 Rd8) 10. Na4 (10. Qf2 $142) 10... Qa5 {[#]} (10... Qb4 $16 {keeps fighting.} 11. exd5 cxd5) 11. b3 $1 $18 Bg7 12. Bd2 $36 {[%mdl 2048] Black is under strong pressure.} Qc7 13. e5 c4 14. dxc4 ({Don't take} 14. bxc4 $6 c5 $16) 14... dxc4 15. Nc5 Qb6 16. Be3 Nd5 17. Bd4 (17. bxc4 $2 Bxc4 18. Qxc4 Nxe3 $19) 17... Nxf4 $2 (17... Bf8 {was worth a try.}) 18. Qe4 Nh5 19. g4 Bf8 20. Nxa6 c5 (20... Qxa6 $142 21. gxh5 gxh5) 21. Qxa8+ Kd7 22. Be3 {[#] Rad1+ would kill now.} f5 23. Rad1+ {[%cal Ba1d1,Bd1d7,Bd7g7][%mdl 32] White mates.} Ke7 24. Bg5+ Kf7 25. Rd7+ Kg8 26. Bh6 {[%csl Gh6][%cal Ra8f8]} Ng7 27. Rxg7# {Precision: White = 66%, Black =  6%.} 1-0

[Event "XVII Profigaia Open 2017"]
[Site "Gaia"]
[Date "2017.06.17"]
[Round "6"]
[White "Quinta, Daniel"]
[Black "De Souza Monteiro, Marcos Paulo"]
[Result "1-0"]
[WhiteElo "2064"]
[BlackElo "1961"]
[Annotator "NA"]
[PlyCount "83"]
[EventDate "2017.??.??"]
[EventType "swiss"]
[EventCountry "POR"]
[SourceTitle "playchess.com"]
[Source "ChessBase"]
[SourceQuality "1"]
[TimeControl "5400+30"]

{[%evp 16,83,0,32767,0,-5,36,-7,-4,-10,-18,-9,-7,-1,-6,-10,0,32767,-7,-17,32767,32767,95,95,304,203,192,269,262,250,292,94,130,108,32767,73,81,65,83,79,101,74,88,76,113,112,32767,32767,32767,32767,32767,32767,32767,129,182,122,369,342,324,409,578,567,571,621,655,860,1047,1482,1696,6679]} 1. e4 {[%emt 0:00:00]} c5 {[%emt 0:00:05]} 2. c3 {[%emt 0:00:00]} d5 {[%emt 0:00:06]} 3. exd5 {[%emt 0:00:00]} Qxd5 {[%emt 0:00:05]} 4. d4 {[%emt 0:00:02]} Nf6 {[%emt 0:00:15]} 5. Nf3 {[%emt 0:00:08]} Bg4 {[%emt 0:00:38]} 6. Be2 {[%emt 0:00:07]} e6 {[%emt 0:00:59]} 7. O-O {[%emt 0:00:32]} Nc6 {[%emt 0:00:40]} 8. h3 {[%emt 0:01:21]} Bh5 {[%emt 0:00:41]} 9. Na3 {[%emt 0:05:54]} cxd4 {[%emt 0:18:03]} 10. Nb5 $1 {[%emt 0:00:31] LiveBook: 23 Games} Qd7 {[%emt 0:00:58] B22: Sicilian: 2 c3} (10... Qd8 11. Nfxd4 Bxe2 12. Qxe2 Nxd4 13. Nxd4 a6 14. Rd1 Qc7 15. Bg5 Be7 16. Rd3 O-O 17. Rad1 Rfe8 18. b3 {½-½ (42) Schneider,I (2500)-Voekler,B (2393) Germany 2010}) 11. Bf4 {[%emt 0:00:28]} Nd5 $146 {[%emt 0:01:37]} ({Predecessor:} 11... Rc8 12. Nbxd4 Nxd4 13. Nxd4 Bxe2 14. Qxe2 Bc5 15. Nb3 Nd5 16. Be5 O-O 17. Nxc5 Rxc5 18. Rfd1 {1-0 (29) Thorarensen,A (1686)-Thorisson,B (1057) Reykjavik 2017}) 12. Bg3 {[%emt 0:06:43]} dxc3 {[%emt 0:14:02]} 13. bxc3 {[%emt 0:09:02]} a6 {[%emt 0:05:07]} 14. c4 {[%emt 0:00:38]} axb5 {[%emt 0:01:28]} 15. cxd5 {[%emt 0:00:06]} Qxd5 {[%emt 0:05:18]} 16. Qxd5 {[%emt 0:00:39]} exd5 {[%emt 0:00:08]} 17. Bxb5 {[%emt 0:00:14]} Bxf3 {[%emt 0:01:14]} 18. gxf3 {[%emt 0:00:31]} Ra5 {[%emt 0:03:32]} (18... Bb4 $11 {remains equal.}) 19. a4 {[%emt 0:01:38]} Ra8 $2 {[%emt 0:15:57]} (19... Be7 $16) 20. Rfe1+ {[%emt 0:07:33]} Kd8 {[%emt 0:01:42]} 21. Rad1 {[%emt 0:07:00]} Bb4 {[%emt 0:08:53]} 22. Rxd5+ {[%emt 0:01:30]} Kc8 {[%emt 0:00:12]} 23. Red1 {[%emt 0:11:25]} (23. Rc1 $18 {and White stays clearly on top.}) 23... Re8 {[%emt 0:03:37]} 24. Kf1 {[%emt 0:00:30]} f6 {[%emt 0:03:09]} 25. Rd7 {[%emt 0:05:34]} (25. Rc1 $18) 25... Re1+ {[%emt 0:01:07]} 26. Kg2 {[%emt 0:02:28]} Rxd1 {[%emt 0:01:00]} 27. Rxd1 {[%emt 0:00:02]} Ba5 {[%emt 0:03:58]} 28. Bf4 {[%emt 0:03:48]} Bc7 {[%emt 0:00:33]} 29. Be3 {[%emt 0:00:18]} Ba5 {[%emt 0:01:33]} 30. h4 {[%emt 0:06:23]} Kc7 {[%emt 0:01:02]} 31. Bf4+ {[%emt 0:00:21]} Kc8 {[%emt 0:02:54]} 32. h5 {[%emt 0:00:57]} Bc7 {[%emt 0:00:22]} 33. Be3 {[%emt 0:00:36]} Bb8 {[%emt 0:01:04]} 34. Bd3 {[%emt 0:02:23]} ({White should try} 34. Bc4 $18 Nd8 35. h6 gxh6 36. Bb5) 34... Bc7 {[%emt 0:03:21]} 35. Bxh7 {[%emt 0:04:02]} Rxa4 $2 {[%emt 0:00:19]} (35... Ra5 $16 36. Rh1 Ne7) 36. Bf5+ {[%emt 0:00:53]} Kb8 {[%emt 0:00:13]} 37. Rd7 {[%emt 0:02:15]} Bf4 {[%emt 0:01:43]} 38. Rxg7 {[%emt 0:05:43]} Bxe3 {[%emt 0:00:18]} 39. fxe3 {[%emt 0:00:09]} Rh4 {[%emt 0:00:44]} 40. Bg4 {[%emt 0:01:41]} b5 {[%emt 0:00:52]} 41. Kg3 {[%emt 0:01:09]} Rh1 {[%emt 0:00:08]} 42. Bh3 $18 {[%emt 0:00:45]} 1-0

[Event "XVII Profigaia Open 2017"]
[Site "Gaia"]
[Date "2017.06.17"]
[Round "6"]
[White "Da Silva, Daniel Leite"]
[Black "De Sousa Da Silva, Armando"]
[Result "1/2-1/2"]
[WhiteElo "2033"]
[BlackElo "1926"]
[Annotator "NA RC"]
[PlyCount "92"]
[EventDate "2017.??.??"]
[EventType "swiss"]
[EventCountry "POR"]
[SourceTitle "playchess.com"]
[Source "ChessBase"]
[SourceQuality "1"]
[TimeControl "5400+30"]

{[%evp 10,92,43,32767,32767,32767,32767,32767,4,-12,0,4,5,-1,0,0,0,-10,11,0,8,-2,37,0,12,-9,32767,12,6,3,7,-29,18,32767,0,-22,22,26,21,32767,32767,32767,32767,32767,32767,32767,37,24,49,0,0,0,31,32767,32767,32767,32767,32767,32767,31,124,94,100,93,94,100,95,62,86,58,156,145,118,127,125,137,170,170,154,138,177,122,125,125,130]} 1. e4 {[%emt 0:00:00]} d5 {[%emt 0:00:03]} 2. exd5 {[%emt 0:00:13]} Qxd5 {[%emt 0:00:05]} 3. Nc3 {[%emt 0:00:31]} Qd6 {[%emt 0:00:04]} 4. Nf3 {[%emt 0:01:19]} Nf6 {[%emt 0:00:20]} 5. d3 {[%emt 0:01:11] B01: Scandinavian Defence} (5. h3 g6 6. Bc4 Bg7 7. d3 O-O 8. O-O a6 9. a4 c5 10. Re1 Nc6 11. Ne4 Nxe4 12. dxe4 Nd4 {1-0 (53) Anton Guijarro,D (2627)-Vakhidov,J (2578) Almaty 2016}) 5... Bg4 {[%emt 0:01:57]} 6. Be2 {[%emt 0:01:36]} Nc6 {[%emt 0:01:43]} 7. Be3 {[%emt 0:02:32]} a6 {[%emt 0:00:37]} 8. Nd2 $146 {[%emt 0:02:26]} ({Predecessor:} 8. Qd2 e5 9. O-O-O Be7 10. h3 Bxf3 11. Bxf3 O-O-O 12. g4 {½-½ (77) Kavon,R (1879)-Petrik,K (2082) Slovakia 2012}) 8... Bxe2 {[%emt 0:08:43]} 9. Qxe2 {[%emt 0:01:14]} Nd4 {[%emt 0:00:09]} 10. Bxd4 {[%emt 0:02:37]} Qxd4 {[%emt 0:00:02]} 11. O-O {[%emt 0:02:14]} e6 {[%emt 0:01:31]} 12. a3 {[%emt 0:00:27]} Be7 {[%emt 0:05:58]} 13. Nb3 {[%emt 0:03:38]} Qh4 {[%emt 0:04:19]} 14. Rae1 {[%emt 0:07:07]} O-O {[%emt 0:12:02]} 15. Ne4 {[%emt 0:05:41]} b6 {[%emt 0:12:10]} 16. Nbd2 {[%emt 0:07:53]} (16. g3 $5 {[%cal Rg3h4]} Qh3 17. d4 $11) 16... Rad8 {[%emt 0:03:18]} 17. Nc3 {[%emt 0:04:21]} Bd6 {[%emt 0:03:06]} 18. g3 {[%emt 0:04:35]} Qh3 {[%emt 0:00:45]} 19. Nc4 {[%emt 0:08:15]} Bc5 {[%emt 0:04:52]} 20. Ne3 {[%emt 0:06:41]} Rd4 {[%emt 0:04:23]} 21. Rd1 {[%emt 0:10:06]} b5 {[%emt 0:07:25]} 22. b4 {[%emt 0:00:58]} Bd6 {[%emt 0:01:57]} (22... Bb6 $15) 23. Qf3 {[%emt 0:07:48]} Rd8 {[%emt 0:10:07]} 24. Ne2 {[%emt 0:03:39]} Rh4 {[%emt 0:00:26]} 25. Qg2 {[%emt 0:00:11]} Qxg2+ {[%emt 0:00:14]} 26. Kxg2 {[%emt 0:00:18]} Rh5 {[%emt 0:00:11]} 27. f4 {[%emt 0:01:35]} Nd5 {[%emt 0:00:39]} 28. Nxd5 {[%emt 0:00:53]} Rxd5 {[%emt 0:01:30]} 29. Nc3 {[%emt 0:00:58]} Rd4 {[%emt 0:00:10]} 30. Ne2 {[%emt 0:00:49]} Rd5 {[%emt 0:00:05]} 31. Nc3 {[%emt 0:00:07]} Rh5 {[%emt 0:00:12]} 32. Rde1 {[%emt 0:02:08]} Kf8 {[%emt 0:02:43]} 33. g4 {[%emt 0:01:44]} Rh6 {[%emt 0:01:40]} 34. Ne4 {[%emt 0:01:31]} g5 {[%emt 0:06:19]} (34... Re8 $14) 35. Nxd6 {[%emt 0:01:09]} Rxd6 {[%emt 0:01:49]} 36. fxg5 {[%emt 0:00:12]} Rg6 {[%emt 0:00:01]} 37. h4 {[%emt 0:00:44]} h6 {[%emt 0:00:16]} 38. Kh3 {[%emt 0:02:52]} hxg5 {[%emt 0:00:10]} 39. h5 {[%emt 0:00:31]} Rh6 {[%emt 0:00:38] [#]} ({Black should play} 39... Rg7) 40. Re5 $1 {[%emt 0:00:26]} f5 {[%emt 0:01:49]} 41. gxf5 {[%emt 0:01:00]} Rxh5+ {[%emt 0:00:31]} 42. Kg4 {[%emt 0:00:15]} Rh2 {[%emt 0:00:48]} 43. fxe6+ {[%emt 0:00:28]} Ke8 {[%emt 0:00:24]} 44. e7 {[%emt 0:01:18]} ({Resist} 44. Rxg5 $6 Rxc2 45. Kf5 Rd5+ 46. Kf6 Rxg5 $14) 44... Rh8 {[%emt 0:00:23]} 45. Kxg5 $16 {[%emt 0:00:20]} Rg8+ {[%emt 0:01:49]} 46. Kf5 {[%emt 0:01:38]} Rg7 {[%emt 0:00:27]} 1/2-1/2

[Event "XVII Profigaia Open 2017"]
[Site "Gaia"]
[Date "2017.06.17"]
[Round "6"]
[White "Pintor, Simao Maciel Abranc"]
[Black "Silva, Ana Ines Teixeira D"]
[Result "0-1"]
[WhiteElo "2022"]
[BlackElo "1775"]
[Annotator "NA"]
[PlyCount "88"]
[EventDate "2017.??.??"]
[EventType "swiss"]
[EventCountry "POR"]
[SourceTitle "playchess.com"]
[Source "ChessBase"]
[SourceQuality "1"]
[TimeControl "5400+30"]

{[%evp 8,83,25,-2,0,0,16,26,26,10,25,31,33,34,32767,32767,32,12,23,0,10,32767,32767,32767,32767,7,14,10,33,0,133,124,145,-108,-102,-129,-112,-133,-114,-120,-104,-127,32767,32767,-327,-409,-379,-426,-248,-597,-625,-1233,-379,-365,32767,-350,32767,32767,32767,32767,32767,-445,-406,-483,-443,-1695,-12795,-29981,-29983,-29984,-1695,32767,32767,-1487,-5385,-1344,-5381,-2261]} 1. Nf3 {[%emt 0:00:00]} Nf6 {[%emt 0:00:25]} 2. g3 {[%emt 0:21:45]} g6 {[%emt 0:00:21]} 3. b3 {[%emt 0:00:10]} Bg7 {[%emt 0:00:08]} 4. Bb2 {[%emt 0:00:08]} O-O {[%emt 0:00:35]} 5. Bg2 {[%emt 0:00:06]} d5 {[%emt 0:01:46]} 6. O-O {[%emt 0:00:45]} c6 {[%emt 0:00:23]} 7. c4 {[%emt 0:00:12]} Nbd7 {[%emt 0:01:43]} 8. d4 {[%emt 0:00:27]} b6 {[%emt 0:01:17]} 9. Nc3 {[%emt 0:00:18] D78: Fianchetto Grünfeld: 6 0-0 c6} Bb7 {[%emt 0:00:19]} 10. Qc2 {[%emt 0:01:52]} Rc8 {[%emt 0:02:31]} (10... e6 11. cxd5 exd5 12. Rfd1 Re8 13. e3 a5 14. Rac1 Rc8 15. Qb1 Ba6 {1-0 (61) Yu,Y (2734)-Nepomniachtchi,I (2725) Danzhou 2016}) 11. e4 {[%emt 0:01:39]} dxe4 {[%emt 0:02:05] LiveBook: 3 Games} 12. Nxe4 {[%emt 0:00:59]} c5 {[%emt 0:03:42]} 13. d5 $146 {[%emt 0:01:01]} ({Predecessor:} 13. Nxf6+ Bxf6 14. d5 Qc7 15. Rfe1 Rfe8 16. Re3 Rcd8 17. Rae1 Qb8 18. h4 {1-0 (31) Banusz,T (2596)-Kummer,H (2331) Austria 2014}) 13... Nxe4 {[%emt 0:06:59]} 14. Bxg7 {[%emt 0:00:07]} Kxg7 {[%emt 0:00:06]} 15. Qxe4 {[%emt 0:00:07]} e6 {[%emt 0:01:10]} 16. Qd3 {[%emt 0:08:10]} exd5 {[%emt 0:02:57]} 17. cxd5 {[%emt 0:00:06]} Nf6 {[%emt 0:02:48]} 18. Qc3 {[%emt 0:03:27]} Qxd5 {[%emt 0:13:02]} (18... Qd6 $11) 19. Nh4 {[%emt 0:01:09]} Qd7 {[%emt 0:00:11]} 20. Bxb7 $2 {[%emt 0:00:12]} (20. Rad1 $16 {keeps the pressure on.} Qc7 21. g4 (21. Bxb7 Qxb7 22. g4 Qe4 $11)) 20... Qxb7 {[%emt 0:00:08]} 21. f4 {[%emt 0:03:01]} Qe4 {[%emt 0:16:53]} 22. Rad1 {[%emt 0:00:12]} Rcd8 {[%emt 0:00:48]} 23. Nf3 {[%emt 0:06:44]} Rfe8 {[%emt 0:04:36]} 24. Ng5 {[%emt 0:06:13]} Qb4 {[%emt 0:14:36]} 25. Qb2 {[%emt 0:02:12] [#]} Rxd1 $1 {[%emt 0:11:52]} 26. Rxd1 {[%emt 0:00:05]} c4 {[%emt 0:00:28]} 27. Nf3 {[%emt 0:06:56]} Qc5+ {[%emt 0:03:45]} 28. Kg2 $2 {[%emt 0:01:01]} (28. Qf2 {nothing else works.}) 28... c3 {[%emt 0:01:19]} 29. Qc2 {[%emt 0:00:07]} Nd5 $2 {[%emt 0:00:42]} (29... Ng4 30. b4 Ne3+ 31. Kg1 Qc4) 30. Rxd5 {[%emt 0:00:28]} Qxd5 {[%emt 0:00:06]} 31. Qxc3+ {[%emt 0:00:04]} Kg8 {[%emt 0:00:12]} 32. Kf2 {[%emt 0:03:30]} Qe4 {[%emt 0:00:46]} 33. Ne5 {[%emt 0:00:44]} Qf5 {[%emt 0:01:41]} 34. Kf3 {[%emt 0:05:09]} Rc8 {[%emt 0:00:58]} 35. Qd4 {[%emt 0:00:29]} Qh5+ {[%emt 0:00:48]} 36. g4 {[%emt 0:04:50]} (36. Ng4 $142) 36... Qh3+ {[%emt 0:00:35]} 37. Ke2 {[%emt 0:00:57]} Rc2+ {[%emt 0:00:41]} 38. Kd1 {[%emt 0:00:05]} Rxa2 $19 {[%emt 0:00:25]} (38... Qxh2 $142 39. Qe3 Rxa2 40. Nd3 Qc2+ 41. Ke1 Ra1+ 42. Nc1 Rxc1+ 43. Qxc1 Qxc1+ 44. Ke2 Qxf4 45. g5 Qxg5 46. Kd3 Qg4 47. Kd2 h5 48. b4 Qxb4+ 49. Ke3 h4 50. Kf2 Qd2+ 51. Kf3 Qe1 52. Kf4 Qe2 53. Kg5 Qf2 54. Kh6 Qf4#) 39. Qc4 {[%emt 0:01:47]} Ra1+ {[%emt 0:02:00]} 40. Ke2 {[%emt 0:01:26]} Qf1+ {[%emt 0:01:05]} 41. Ke3 {[%emt 0:00:21]} Re1+ {[%emt 0:00:49]} 42. Kd2 {[%emt 0:00:38]} Qf2+ {[%emt 0:01:27]} 43. Kd3 {[%emt 0:00:15]} Re3+ {[%emt 0:00:08]} 44. Kd4 {[%emt 0:00:08]} Qxf4+ {[%emt 0:00:06]} 0-1

[Event "XVII Profigaia Open 2017"]
[Site "Gaia"]
[Date "2017.06.17"]
[Round "6"]
[White "Figueiredo, Bruno"]
[Black "Andrade, Nuno Filipe"]
[Result "1/2-1/2"]
[WhiteElo "1914"]
[BlackElo "1765"]
[Annotator "NA RC"]
[PlyCount "52"]
[EventDate "2017.??.??"]
[EventType "swiss"]
[EventCountry "POR"]
[SourceTitle "playchess.com"]
[Source "ChessBase"]
[SourceQuality "1"]
[TimeControl "5400+30"]

{[%evp 9,48,26,32767,32767,32767,32767,32767,32767,32767,32767,6,0,0,12,32767,32767,32767,32767,32767,32767,8,0,-7,0,18,0,9,0,44,52,57,62,50,58,47,51,57,32767,0,-84,-45]} 1. Nf3 {[%emt 0:18:18]} d5 {[%emt 0:00:18]} 2. g3 {[%emt 0:00:19]} Nf6 {[%emt 0:00:08]} 3. Bg2 {[%emt 0:00:04]} g6 {[%emt 0:00:05]} 4. O-O {[%emt 0:00:05]} Bg7 {[%emt 0:00:34]} 5. d4 {[%emt 0:00:05]} O-O {[%emt 0:00:05]} 6. Ne5 {[%emt 0:00:08]} Nbd7 {[%emt 0:01:13]} 7. c4 {[%emt 0:00:19]} c6 {[%emt 0:02:55]} 8. Nc3 {[%emt 0:00:26] D78: Fianchetto Grünfeld: 6 0-0 c6} Nb6 {[%emt 0:02:02]} (8... Nxe5 9. dxe5 Ne4 10. cxd5 Nxc3 11. bxc3 cxd5 12. f4 Be6 13. Be3 f6 14. Qb3 fxe5 15. Rad1 Qc7 16. Bxd5 Bxd5 17. Rxd5 Kh8 18. fxe5 Rxf1+ 19. Kxf1 e6 {½-½ (37) Kramnik,V (2810)-Ding,L (2764) Novi Sad 2016}) 9. b3 {[%emt 0:02:01]} Ng4 {[%emt 0:01:32]} 10. Nxg4 {[%emt 0:01:03]} Bxg4 {[%emt 0:01:11]} 11. cxd5 {[%emt 0:00:27]} Nxd5 {[%emt 0:00:35]} 12. Nxd5 {[%emt 0:00:16]} cxd5 {[%emt 0:00:09]} 13. h3 $146 {[%emt 0:00:57]} ({Predecessor:} 13. Qd2 Qb6 14. e3 Rfd8 15. Ba3 Bf6 16. Rfc1 {1-0 (30) Merkesvik,S (2263)-Garberg,T (1989) Helsingor 2016}) 13... Bf5 {[%emt 0:00:22]} 14. g4 {[%emt 0:00:06]} Be6 {[%emt 0:05:45]} 15. Ba3 {[%emt 0:03:38]} Qd7 {[%emt 0:00:37]} 16. Qd3 {[%emt 0:04:15]} Rfe8 {[%emt 0:07:53]} 17. Rac1 {[%emt 0:07:49]} (17. f4 $5 {[%cal Rf4f5]} f6 18. f5 gxf5 19. gxf5 $11) 17... Rac8 {[%emt 0:00:06]} 18. f4 {[%emt 0:03:25]} f5 {[%emt 0:02:49]} 19. g5 {[%emt 0:03:27]} Bf8 {[%emt 0:05:09]} 20. h4 {[%emt 0:02:32]} Rxc1 {[%emt 0:00:54]} 21. Rxc1 {[%emt 0:00:28]} Rc8 {[%emt 0:00:05]} 22. Rxc8 {[%emt 0:14:06]} Qxc8 {[%emt 0:00:09]} 23. Qb5 {[%emt 0:01:31]} Qc3 {[%emt 0:06:29]} 24. Qxb7 {[%emt 0:17:04]} (24. Bf3 $11) 24... Qe1+ $15 {[%emt 0:02:14]} (24... Qxd4+ $17 25. Kf1 Qxf4+ 26. Bf3 Kf7 27. Qxa7 Qxh4) 25. Bf1 {[%emt 0:00:17]} Qg3+ {[%emt 0:00:08]} 26. Bg2 {[%emt 0:00:05]} Qe1+ 1/2-1/2

[Event "XVII Profigaia Open 2017"]
[Site "Gaia"]
[Date "2017.06.17"]
[Round "6"]
[White "Antao, Jorge"]
[Black "Frois, Antonio"]
[Result "0-1"]
[WhiteElo "1873"]
[BlackElo "2278"]
[Annotator "TA"]
[PlyCount "116"]
[EventDate "2017.??.??"]
[EventType "swiss"]
[EventCountry "POR"]
[SourceTitle "playchess.com"]
[Source "ChessBase"]
[SourceQuality "1"]

{[%evp 15,116,0,0,-18,-16,-21,-16,-24,-14,-5,12,-31,-31,-36,-45,-48,-25,-25,-9,-41,-23,-18,-18,-41,-41,-47,-53,-61,-61,-64,-68,-70,-58,-70,-73,-77,-73,-100,-100,-122,-88,-120,-101,-128,-129,-140,-140,-143,-143,-143,-143,-143,-119,-132,-129,-163,-153,-539,-533,-526,-516,-552,-551,-547,-537,-725,-516,-649,-510,-892,-548,-548,-545,-1660,-545,-541,-541,-541,-537,-537,-522,-518,-503,-522,-497,-456,-449,-449,-415,-441,0,-29950,-29958,-29959,-4716,-29968,-29969,-29972,-29973,-29973,-29973,-29975,-29974]} 1. Nf3 Nf6 2. d4 g6 3. Nbd2 Bg7 4. e4 d6 5. Bd3 O-O 6. O-O c5 {B07: Pirc Defence: Miscellaneous Systems} (6... Nc6 7. Re1 e5 8. c3 Nh5 9. Nc4 Bg4 10. dxe5 Nxe5 11. Ncxe5 dxe5 12. h3 Bd7 13. Bc4 Qe7 14. Bg5 Bf6 15. Be3 b6 16. a4 a5 {1-0 (38) So,W (2815)-Giri,A (2785) chess.com INT 2017}) 7. dxc5 dxc5 8. Qe2 Nc6 {LiveBook: 4 Games. The position is equal.} 9. a3 $146 ({Predecessor:} 9. c3 Qc7 10. Nc4 Bg4 11. Bc2 Rad8 12. h3 Bc8 13. Bg5 b6 14. e5 {½-½ (53) Zherebukh,Y (2586)-Grebeniuk,S (2229) Alushta 2011}) 9... Qc7 10. c3 b6 11. Nc4 Rd8 12. Bg5 h6 13. Bh4 (13. Bxf6 $5 Bxf6 14. Ne3 $11) 13... Nh5 {White must now prevent ...Nf4.} 14. Bg3 Nxg3 15. hxg3 Ba6 16. Rfd1 e6 (16... b5 $5 {[%cal Rb5c4]} 17. Ne3 c4 $15) 17. Nce5 (17. Ne3 $5 {[%cal Rd3a6]} Bxd3 18. Rxd3 $11) 17... Bb7 18. Nxc6 Qxc6 19. Bc2 b5 20. Rxd8+ Rxd8 21. Rd1 Rxd1+ 22. Qxd1 Qc7 23. Qd3 a6 (23... b4 $5 24. cxb4 cxb4 $17) 24. Nd2 c4 25. Qe2 h5 26. Nf1 Bh6 27. Qd1 e5 28. Qe2 Kg7 29. Ne3 Qc5 30. Nd1 Bc8 31. Kh2 Bg4 32. f3 Be6 33. Qf2 Qd6 34. Ne3 Qd8 {Threatens to win with ...Qg5.} 35. Qe2 Qg5 36. Nf1 $2 (36. Nd5 $17 {was the crucial defense.}) 36... Qc1 $19 37. Bd1 Qb1 38. a4 Bc1 39. axb5 axb5 40. b3 cxb3 41. Qxb5 Bg5 42. f4 (42. Bxb3 $142 Qxb3 43. Qxe5+ Bf6 44. Qc5) 42... Qxd1 43. fxg5 {[#]} b2 $1 {[%mdl 512]} 44. Ne3 (44. Qxb2 Qxf1) 44... b1=Q (44... Qc1 $142 45. Qxe5+ Kh7) 45. Qxe5+ Kh7 {[%csl Gb1][%cal Rd1h1]} 46. Nxd1 Qxd1 47. Qd4 Qc1 48. Qe5 Qe3 49. Kh1 Qd3 50. Kh2 Qc4 51. Kg1 Bd7 52. Qd4 Be6 $2 ({Black should play} 52... Qc7 $19 {And now ...Bc6 would win.} 53. Kh1 Bc6) 53. Qxc4 $4 {[%mdl 8192] [#]} (53. Qe5 $11 Qd3 54. Kh1) 53... Bxc4 $11 {KB-KP} 54. Kf2 Kg7 (54... Kg8 $142 55. Ke3 Kf8 56. Kd4 Bf1 57. Ke5 Bxg2 58. Kf4 Ke7 59. Ke5 Bf1 60. Kd5 Bh3 61. c4 Be6+ 62. Kc5 Kd7 63. Kd4 Kd6 64. c5+ Kc6 65. Ke3 Kxc5 66. Kf2 Kd4 67. Kf3 Bh3 68. Ke2 Kxe4 69. g4 hxg4 70. Kf2 Kf4 71. Ke2 g3 72. Kd3 g2 73. Kc3 g1=Q 74. Kb3 Qc5 75. Kb2 Qb4+ 76. Kc1 Bf5 77. Kd1 Ke3 78. Kc1 Qd2#) 55. e5 Kf8 {Black mates.} 56. Ke3 Ke7 57. Kd4 Bf1 58. c4 Bxg2 {Precision: White = 28%, Black = 62%.} 0-1